=LDR 00000nam 2200000 4500 =001 INLIS000000000016248 =005 20130612111521 =008 ***********************************Ind** =035 ##$$0010-061300000016248 =041 ##$$a Ind =082 ##$$a F Rom D =090 ##$$a F Rom D, Sir a =100 ##$$a Siregar, Merari =245 ##$$a Azab dan sengsara, Kisah kehidupan seorang anak gadis, Merari Siregar =250 ##$$a Seri sastra nostalgia =260 ##$$a 2000 $b Jakarta =300 ##$$a 163 hlm., ilus, 21 cm =650 ##$$a Fiksi Dewasa-Indonesia =850 ##$$a NBPNMAT